| 000 | 00404cam a2200169ua 4500 | ||
|---|---|---|---|
| 001 | 4821 | ||
| 008 | 131212n II |||gr||||Z||||||asm | ||
| 040 | _aMAIN | ||
| 041 | _aEnglish | ||
| 082 | _a891.451 NAT | ||
| 100 | _aNATH, PRAFULLA KUMAR. | ||
| 245 | _aASOMIYA SAHITYAR SURABHI | ||
| 260 |
_aGUWAHATI: _bSHANTI PRAKASHAN, _c1992. |
||
| 300 |
_a240: _c22CM. |
||
| 653 | _aAsomiya Sahitya | ||
| 942 | _cBK | ||
| 999 |
_c4808 _d4808 |
||